00890cam a22002177a 4500020002500000020002200025040001000047082002600057100002700083245002400110246004600134260003300180300003400213490002800247490003300275500002000308520030300328650001400631650001400645650001300659 a9780470874264 (pbk.) a0470874260 (pbk.) cBTCTA04a746 WIL 2011 A073 Or.1 aMorgan-Oakes, Melissa.10aCircular knitting /3 aTeach yourself visually circular knitting aHoboken, NJ :bWiley,c2011. a245 p. :bcol. ill. ;c23 cm.1 aTeach yourself visually1 aVisual read less, learn more aIncludes index. aKnitting in the round has benefits over knitting with straight needles, including seamless finished projects, easy portability, and not having to turn your work. With patterns ranging from scarves and hats to sweaters and baby sets, this visual guide will have you knitting in the round in no time. 0aKnitting. 7aKnitting. 7aKnitting